[Event "ISL-chT2 1819"]
[Site "Reykjavik"]
[Date "2019.03.03"]
[Round "7.1"]
[White "Sigurdsson, Einar"]
[Black "Hauksson, Hordur Aron"]
[Result "1/2-1/2"]
[WhiteElo "1784"]
[BlackElo "1829"]
[PlyCount "41"]
[EventDate "2018.11.09"]
[EventType "team-tourn"]
[EventRounds "7"]
[EventCountry "ISL"]
[SourceTitle "CBM 189 Extra"]
[Source "ChessBase"]
[SourceDate "2019.06.03"]
[SourceVersion "1"]
[SourceVersionDate "2019.06.03"]
[SourceQuality "1"]
[WhiteTeam "Hrokar alls Fagnadar"]
[BlackTeam "Skakdeild Fjolnis II"]
[WhiteTeamCountry "ISL"]
[BlackTeamCountry "ISL"]

1. c4 e5 2. Nc3 Nc6 3. g3 h5 4. h4 Bc5 5. d3 d6 6. Bg2 Nge7 7. Nf3 Bg4 8. Bd2 Qd7 9. a3 a5 10. Na4 Ba7 11. b4 axb4 12. axb4 0-0 13. b5 Nd4 14. Nxd4 Bxd4 15. Bc3 Bxc3+ 16. Nxc3 c6 17. bxc6 bxc6 18. 0-0 d5 19. cxd5 cxd5 20. Qd2 Rxa1 21. Rxa1 1/2-1/2

[Event "Mysliborz op 2nd"]
[Site "Mysliborz"]
[Date "2007.06.13"]
[Round "4"]
[White "Omarsson, Dadi"]
[Black "Sigurdsson, Einar"]
[Result "1-0"]
[WhiteElo "1951"]
[BlackElo "1784"]
[PlyCount "95"]
[EventDate "2007.06.11"]
[EventType "swiss"]
[EventRounds "7"]
[EventCountry "POL"]
[SourceTitle "EXT 2009"]
[Source "ChessBase"]
[SourceDate "2008.11.26"]
[SourceVersion "1"]
[SourceVersionDate "2008.11.26"]
[SourceQuality "1"]

1. d4 d5 2. c4 e6 3. Nc3 Nf6 4. cxd5 exd5 5. Bg5 c6 6. Qc2 h6 7. Bh4 Be7 8. e3 0-0 9. Bd3 Be6 10. Nf3 Nbd7 11. 0-0 Rc8 12. h3 c5 13. Rfd1 a6 14. Rac1 c4 15. Bf5 Bxf5 16. Qxf5 b5 17. Nxd5 Nxd5 18. Qxd5 Bxh4 19. Nxh4 Nb6 20. Qxd8 Rfxd8 21. Nf5 Kf8 22. e4 b4 23. d5 c3 24. bxc3 Rxc3 25. Rxc3 bxc3 26. Nd4 Ke8 27. Rc1 Na4 28. Kf1 Rb8 29. Nb3 Rc8 30. Ke2 c2 31. Kd2 Nc3 32. f3 Nxa2 33. Rxc2 Rxc2+ 34. Kxc2 Ke7 35. Kb2 Nb4 36. Kc3 Na2+ 37. Kc4 h5 38. g3 g5 39. h4 f6 40. f4 g4 41. e5 fxe5 42. fxe5 a5 43. Nxa5 Nc1 44. Nc6+ Kd7 45. Nd4 Ke7 46. d6+ Ke8 47. e6 Kd8 48. Nc6+ 1-0

[Event "Mysliborz op 2nd"]
[Site "Mysliborz"]
[Date "2007.06.11"]
[Round "1"]
[White "Sigurdsson, Einar"]
[Black "Voloshin, Leonid"]
[Result "0-1"]
[WhiteElo "1784"]
[BlackElo "2456"]
[PlyCount "62"]
[EventDate "2007.06.11"]
[EventType "swiss"]
[EventRounds "7"]
[EventCountry "POL"]
[SourceTitle "EXT 2009"]
[Source "ChessBase"]
[SourceDate "2008.11.26"]
[SourceVersion "1"]
[SourceVersionDate "2008.11.26"]
[SourceQuality "1"]

1. c4 e5 2. Nc3 Nf6 3. g3 d5 4. cxd5 Nxd5 5. Bg2 Nb6 6. d3 Nc6 7. Nf3 Be7 8. 0-0 0-0 9. a3 Be6 10. b4 a5 11. b5 Nd4 12. Nxd4 exd4 13. Ne4 a4 14. Qc2 Bb3 15. Qb2 Ra5 16. Nd2 Rxb5 17. Bxb7 Nc4 18. Nxc4 Bxc4 19. Qd2 Bb3 20. Be4 Rc5 21. e3 Rc2 22. Qa5 Bf6 23. Rb1 c5 24. Qa7 Re8 25. Rb2 Re7 26. Qa6 Rxe4 27. Rxc2 Re6 28. Qb5 Bxc2 29. Qxc5 Bxd3 30. Rd1 Be2 31. Rd2 d3 0-1